| 000 | 00530nam a22001937a 4500 | ||
|---|---|---|---|
| 003 | KOHA_MİRAKIL | ||
| 005 | 20251221160150.0 | ||
| 008 | 251221b tu ||||| |||| 00| 0 tur d | ||
| 020 | _a9786051960449 | ||
| 040 |
_aTR-AnABB _btur _cTR-AnABB |
||
| 041 | _atur | ||
| 082 |
_a301 _bDEV 2017 |
||
| 100 | 1 | _aDever, Ayhan, | |
| 245 | 1 | 0 |
_aSosyolojik teoriler ve spor / _cAyhan Dever |
| 260 |
_aİstanbul : _bÇizgi Kitabevi Yayınları, _c2017 |
||
| 300 |
_a255 sayfa ; _c21 cm |
||
| 650 | 0 | 4 | _aSosyoloji |
| 942 |
_2ddc _cBK |
||
| 999 |
_c9863 _d9863 |
||
| 900 | _bGizem YORULMAZ | ||